Graffiti Als Interaktionsform : Geritzte Inschriften in Den Wohnhäusern Pompejis.

Die Reihe Materiale Textkulturen ist das Publikationsorgan des gleichnamigen Heidelberger Sonderforschungsbereichs 933, der von der Deutschen Forschungsgemeinschaft gefördert wird. In der Reihe erscheinen Sammelbände und Monographien, die sich den Forschungsschwerpunkten des SFB widmen, also die M...

Full description

Bibliographic Details
Main Author: Lohmann, Polly.
Format: eBook
Language:German
Published: Berlin/Boston : Walter de Gruyter GmbH, 2017.
Edition:1st ed.
Series:Materiale Textkulturen Series
Subjects:
Online Access:Click to View
LEADER 02836nam a22003973i 4500
001 EBC5557554
003 MiAaPQ
005 20231204023214.0
006 m o d |
007 cr cnu||||||||
008 231204s2017 xx o ||||0 ger d
020 |a 9783110574289  |q (electronic bk.) 
020 |z 9783110570366 
035 |a (MiAaPQ)EBC5557554 
035 |a (Au-PeEL)EBL5557554 
035 |a (OCoLC)1024049614 
040 |a MiAaPQ  |b eng  |e rda  |e pn  |c MiAaPQ  |d MiAaPQ 
100 1 |a Lohmann, Polly. 
245 1 0 |a Graffiti Als Interaktionsform :  |b Geritzte Inschriften in Den Wohnhäusern Pompejis. 
250 |a 1st ed. 
264 1 |a Berlin/Boston :  |b Walter de Gruyter GmbH,  |c 2017. 
264 4 |c {copy}2018. 
300 |a 1 online resource (496 pages) 
336 |a text  |b txt  |2 rdacontent 
337 |a computer  |b c  |2 rdamedia 
338 |a online resource  |b cr  |2 rdacarrier 
490 1 |a Materiale Textkulturen Series ;  |v v.16 
505 0 |a Intro -- Danksagung -- Pläne: Bezeichnung der insulae und Kartierung der Fallbeispiele -- Inhaltsverzeichnis -- Vorwort -- 1. Graffiti als Inschriftengattung: Formale, technische und inhaltliche Einordnung -- 2. Fragestellung, Methodik und Referenzen -- 3. Der soziale, räumliche und kulturelle Kontext der Graffiti -- 4. Über den interaktiven Charakter von Graffiti -- 5. Auswertung der im CIL IV edierten Graffiti -- 6. Fallbeispiele: Graffiti in pompejanischen Wohnhäusern -- 7. Technik, Form, Inhalt: Merkmale des graffiti habit -- 8. Schreiber, Adressaten und Dritte: Die Individuen hinter den Texten -- 9. Fazit: Die Praxis des Graffitischreibens im pompejanischen Wohnhaus -- Appendix: Inschriftenkatalog -- Abbildungen zum Inschriftenkatalog -- Kat -- Bibliografie -- Indices -- Verzeichnis der Inschriften -- Verzeichnis der Gebäude. 
520 |a Die Reihe Materiale Textkulturen ist das Publikationsorgan des gleichnamigen Heidelberger Sonderforschungsbereichs 933, der von der Deutschen Forschungsgemeinschaft gefördert wird. In der Reihe erscheinen Sammelbände und Monographien, die sich den Forschungsschwerpunkten des SFB widmen, also die Materialität und Präsenz des Geschriebenen in non-typographischen Gesellschaften erforschen. 
588 |a Description based on publisher supplied metadata and other sources. 
590 |a Electronic reproduction. Ann Arbor, Michigan : ProQuest Ebook Central, 2023. Available via World Wide Web. Access may be limited to ProQuest Ebook Central affiliated libraries.  
655 4 |a Electronic books. 
776 0 8 |i Print version:  |a Lohmann, Polly  |t Graffiti Als Interaktionsform  |d Berlin/Boston : Walter de Gruyter GmbH,c2017  |z 9783110570366 
797 2 |a ProQuest (Firm) 
830 0 |a Materiale Textkulturen Series 
856 4 0 |u https://ebookcentral.proquest.com/lib/matrademy/detail.action?docID=5557554  |z Click to View